[Event "Russian Championship (Rapid, Women)"]
[Site "Sochi"]
[Date "2018.10.05"]
[Round "1.1"]
[White "Garifullina, Leya"]
[Black "Bodnaruk, Anastasia"]
[Result "1-0"]
[BlackElo "2479"]
[WhiteElo "2030"]
[LiveChessVersion "1.4.8"]

1. e4 {[%clk 0:15:17]} c5 {[%clk 0:15:19]} 2. Nf3 {[%clk 0:15:25]} d6
{[%clk 0:15:28]} 3. d4 {[%clk 0:15:33]} cxd4 {[%clk 0:15:37]} 4. Nxd4
{[%clk 0:15:42]} Nf6 {[%clk 0:15:46]} 5. Nc3 {[%clk 0:15:51]} a6 {[%clk 0:15:55]}
6. h3 {[%clk 0:15:59]} e5 {[%clk 0:15:15]} 7. Nde2 {[%clk 0:16:08]} h5
{[%clk 0:14:57]} 8. Bg5 {[%clk 0:16:16]} Be6 {[%clk 0:14:54]} 9. Bxf6
{[%clk 0:16:23]} Qxf6 {[%clk 0:15:03]} 10. Nd5 {[%clk 0:16:32]} Qd8
{[%clk 0:15:11]} 11. Nec3 {[%clk 0:16:34]} g6 {[%clk 0:15:05]} 12. Bc4
{[%clk 0:15:44]} Bh6 {[%clk 0:14:44]} 13. O-O {[%clk 0:15:52]} O-O
{[%clk 0:14:45]} 14. Bb3 {[%clk 0:15:44]} Nc6 {[%clk 0:13:28]} 15. Ne2
{[%clk 0:15:38]} Na5 {[%clk 0:13:30]} 16. Qd3 {[%clk 0:14:28]} Kh7
{[%clk 0:12:35]} 17. f4 {[%clk 0:14:06]} f5 {[%clk 0:11:45]} 18. Nec3
{[%clk 0:12:55]} Rc8 {[%clk 0:10:27]} 19. exf5 {[%clk 0:12:47]} Bxf5
{[%clk 0:09:33]} 20. Qe2 {[%clk 0:12:16]} Nc6 {[%clk 0:09:14]} 21. Qe1
{[%clk 0:11:49]} b5 {[%clk 0:08:12]} 22. Rd1 {[%clk 0:11:50]} Bg7
{[%clk 0:06:51]} 23. Ne3 {[%clk 0:11:16]} exf4 {[%clk 0:06:07]} 24. Rxf4
{[%clk 0:10:58]} Bh6 {[%clk 0:05:59]} 25. Rf3 {[%clk 0:10:44]} Ne5
{[%clk 0:05:31]} 26. Rf2 {[%clk 0:10:22]} Re8 {[%clk 0:03:31]} 27. Nxf5
{[%clk 0:09:45]} gxf5 {[%clk 0:01:55]} 28. Rxf5 {[%clk 0:09:42]} Nf3+
{[%clk 0:01:02]} 29. Rxf3 {[%clk 0:09:50]} Rxe1+ {[%clk 0:01:11]} 30. Rxe1
{[%clk 0:10:00]} Bg5 {[%clk 0:00:34]} 31. Rf7+ {[%clk 0:09:35]} Kh8
{[%clk 0:00:42]} 32. Nd5 {[%clk 0:09:07]} Rc5 {[%clk 0:00:16]} 33. Ref1
{[%clk 0:09:04]} Rc8 {[%clk 0:00:17]} 34. Kh1 {[%clk 0:08:50]} h4 35. Nf6
{[%clk 0:08:46]} Bxf6 {[%clk 0:00:17]} 36. R1xf6 {[%clk 0:08:54]} d5
{[%clk 0:00:22]} 37. Rf5 {[%clk 0:08:30]} Qe8 {[%clk 0:00:18]} 38. Rh5+
{[%clk 0:07:46]} Kg8 {[%clk 0:00:27]} 39. Bxd5 {[%clk 0:07:55]} Qxf7
{[%clk 0:00:19]} 40. Bxf7+ {[%clk 0:08:03]} Kxf7 {[%clk 0:00:28]} 41. c3
{[%clk 0:08:01]} Rc4 {[%clk 0:00:36]} 42. Rg5 {[%clk 0:07:54]} Re4
{[%clk 0:00:27]} 43. Rf5+ {[%clk 0:07:45]} Kg6 {[%clk 0:00:23]} 44. Rf2
{[%clk 0:07:52]} a5 {[%clk 0:00:18]} 45. Rc2 {[%clk 0:07:58]} Re1+
{[%clk 0:00:20]} 46. Kh2 {[%clk 0:08:07]} Kg5 {[%clk 0:00:13]} 47. Rd2
{[%clk 0:07:54]} Re5 {[%clk 0:00:19]} 48. b3 {[%clk 0:08:01]} Rc5
{[%clk 0:00:21]} 49. Rd3 {[%clk 0:08:05]} Kh5 {[%clk 0:00:18]} 50. c4
{[%clk 0:08:03]} bxc4 {[%clk 0:00:21]} 51. bxc4 {[%clk 0:08:11]} Rxc4
{[%clk 0:00:17]} 52. Rd5+ {[%clk 0:08:21]} Kg6 {[%clk 0:00:26]} 53. Rxa5
{[%clk 0:08:06]} Rc1 {[%clk 0:00:17]} 54. Ra6+ {[%clk 0:08:06]} Kg5
{[%clk 0:00:24]} 55. a4 {[%clk 0:06:49]} Ra1 {[%clk 0:00:33]} 56. a5
{[%clk 0:06:38]} Kh5 {[%clk 0:00:14]} 57. Ra8 Kg5 58. a6 {[%clk 0:05:35]} Kg6
{[%clk 0:00:24]} 59. Rh8 {[%clk 0:05:44]} Kg5 {[%clk 0:00:19]} 60. Rg8+
{[%clk 0:05:44]} Kh5 {[%clk 0:00:18]} 61. Ra8 {[%clk 0:05:41]} Kg6
{[%clk 0:00:26]} 62. g4 {[%clk 0:05:14]} hxg3+ {[%clk 0:00:24]} 63. Kxg3
{[%clk 0:05:23]} Ra4 {[%clk 0:00:13]} 64. Kf3 {[%clk 0:05:26]} Kg7
{[%clk 0:00:14]} 65. Ke3 {[%clk 0:05:32]} Rh4 {[%clk 0:00:15]} 66. Rb8
{[%clk 0:05:29]} Rxh3+ {[%clk 0:00:16]} 67. Kd4 {[%clk 0:05:38]} Ra3
{[%clk 0:00:25]} 68. Rb7+ {[%clk 0:05:46]} Kf6 {[%clk 0:00:20]} 69. a7
{[%clk 0:05:54]} Ra5 {[%clk 0:00:13]} 70. Kc4 {[%clk 0:05:59]} Ke6
{[%clk 0:00:21]} 71. Kb4 {[%clk 0:06:08]} Ra1 {[%clk 0:00:28]} 72. Kc5
{[%clk 0:05:41]} Ra2 {[%clk 0:00:14]} 73. Kc6 {[%clk 0:05:30]} Rc2+
{[%clk 0:00:14]} 74. Kb6 {[%clk 0:05:38]} Ra2 {[%clk 0:00:13]} 75. Kc7
{[%clk 0:05:43]} Ra3 {[%clk 0:00:13]} 76. Kb8 {[%clk 0:05:43]} Kd5 1-0

[Event "Russian Championship (Rapid, Women)"]
[Site "Sochi"]
[Date "2018.10.05"]
[Round "1.2"]
[White "Gritsayeva, Oksana"]
[Black "Shafigullina, Zarina"]
[Result "1-0"]
[BlackElo "2025"]
[WhiteElo "2388"]
[LiveChessVersion "1.4.8"]

1. e4 {[%clk 0:15:19]} c5 {[%clk 0:15:19]} 2. Nc3 {[%clk 0:15:27]} Nc6
{[%clk 0:15:27]} 3. f4 {[%clk 0:15:34]} d6 {[%clk 0:15:34]} 4. Bb5
{[%clk 0:15:33]} Nf6 {[%clk 0:15:21]} 5. Bxc6+ {[%clk 0:15:13]} bxc6
{[%clk 0:15:30]} 6. d3 {[%clk 0:15:13]} g6 {[%clk 0:15:35]} 7. Nf3
{[%clk 0:15:19]} Bg7 {[%clk 0:15:43]} 8. O-O {[%clk 0:15:18]} O-O
{[%clk 0:15:51]} 9. Qe1 {[%clk 0:14:26]} Ne8 {[%clk 0:15:32]} 10. f5
{[%clk 0:13:41]} e6 {[%clk 0:14:29]} 11. fxg6 {[%clk 0:13:03]} fxg6
{[%clk 0:14:16]} 12. e5 {[%clk 0:11:28]} dxe5 {[%clk 0:12:56]} 13. Be3
{[%clk 0:11:17]} c4 {[%clk 0:12:52]} 14. dxc4 {[%clk 0:10:58]} Ba6
{[%clk 0:12:51]} 15. b3 {[%clk 0:10:32]} Nd6 {[%clk 0:12:01]} 16. Rd1
{[%clk 0:10:20]} Qc7 {[%clk 0:12:01]} 17. Bc5 {[%clk 0:09:45]} Rfd8
{[%clk 0:10:36]} 18. Ng5 {[%clk 0:09:18]} Bc8 {[%clk 0:10:27]} 19. Qh4
{[%clk 0:08:46]} h6 {[%clk 0:10:36]} 20. Nge4 {[%clk 0:08:42]} Nf7
{[%clk 0:10:24]} 21. Rxd8+ {[%clk 0:07:14]} Qxd8 {[%clk 0:10:32]} 22. Qxd8+
{[%clk 0:05:51]} Nxd8 {[%clk 0:10:41]} 23. Nd6 {[%clk 0:05:00]} Nb7
{[%clk 0:10:37]} 24. Nxb7 {[%clk 0:04:58]} Bxb7 {[%clk 0:10:45]} 25. Rd1
{[%clk 0:05:03]} Bf8 {[%clk 0:10:35]} 26. Ne4 {[%clk 0:05:00]} a5
{[%clk 0:10:17]} 27. Rd7 {[%clk 0:04:39]} Bxc5+ {[%clk 0:10:25]} 28. Nxc5
{[%clk 0:04:46]} Bc8 {[%clk 0:10:18]} 29. Rc7 {[%clk 0:04:29]} a4
{[%clk 0:10:13]} 30. Nxa4 {[%clk 0:04:29]} Rb8 {[%clk 0:09:45]} 31. Nc5
{[%clk 0:04:33]} Kf8 {[%clk 0:09:52]} 32. a4 {[%clk 0:04:21]} Ke8
{[%clk 0:10:01]} 33. Kf2 {[%clk 0:04:21]} Kd8 {[%clk 0:10:01]} 34. Rh7
{[%clk 0:04:26]} g5 {[%clk 0:10:08]} 35. Ke3 {[%clk 0:04:28]} e4 {[%clk 0:09:58]}
36. Kxe4 {[%clk 0:04:31]} e5 {[%clk 0:10:07]} 37. Kxe5 {[%clk 0:04:31]} Bg4
{[%clk 0:10:14]} 38. h3 {[%clk 0:04:30]} Bd1 {[%clk 0:10:15]} 39. Rh8+
{[%clk 0:04:29]} Ke8 40. Ke4+ 1-0

[Event "Russian Championship (Rapid, Women)"]
[Site "Sochi"]
[Date "2018.10.05"]
[Round "1.3"]
[White "Miroshnik, Ekaterina"]
[Black "Vasilevich, Tatjana"]
[Result "1/2-1/2"]
[BlackElo "2369"]
[WhiteElo "2011"]
[LiveChessVersion "1.4.8"]

1. d4 {[%clk 0:15:19]} Nf6 {[%clk 0:15:18]} 2. c4 {[%clk 0:15:28]} e6
{[%clk 0:15:26]} 3. Nf3 {[%clk 0:15:37]} c5 {[%clk 0:15:35]} 4. d5
{[%clk 0:15:45]} exd5 {[%clk 0:15:40]} 5. cxd5 {[%clk 0:15:54]} d6
{[%clk 0:15:47]} 6. Nc3 {[%clk 0:16:03]} g6 {[%clk 0:15:51]} 7. g3
{[%clk 0:16:12]} Bg7 {[%clk 0:15:58]} 8. Bg2 {[%clk 0:16:21]} O-O
{[%clk 0:15:58]} 9. O-O {[%clk 0:16:29]} a6 {[%clk 0:16:01]} 10. a4
{[%clk 0:16:38]} Re8 {[%clk 0:16:09]} 11. Nd2 {[%clk 0:16:46]} Nbd7
{[%clk 0:16:14]} 12. h3 {[%clk 0:16:34]} Rb8 {[%clk 0:15:33]} 13. a5
{[%clk 0:16:30]} b5 {[%clk 0:13:01]} 14. axb6 {[%clk 0:16:37]} Nxb6
{[%clk 0:12:36]} 15. e4 {[%clk 0:16:14]} Bd7 {[%clk 0:12:10]} 16. Qc2
{[%clk 0:15:51]} Bb5 {[%clk 0:10:18]} 17. Nxb5 {[%clk 0:14:04]} axb5
{[%clk 0:10:27]} 18. Nb3 {[%clk 0:14:07]} Nc4 {[%clk 0:09:24]} 19. Nd2
{[%clk 0:12:24]} Nb6 {[%clk 0:07:39]} 20. Nb3 {[%clk 0:11:39]} Nc4
{[%clk 0:07:33]} 21. Nd2 {[%clk 0:11:35]} Na5 {[%clk 0:07:10]} 22. Rb1
{[%clk 0:10:26]} c4 {[%clk 0:04:06]} 23. b4 {[%clk 0:09:07]} cxb3
{[%clk 0:03:36]} 24. Nxb3 {[%clk 0:09:16]} Rc8 {[%clk 0:02:59]} 25. Qd3
{[%clk 0:08:42]} Rc4 {[%clk 0:03:07]} 26. Nd2 {[%clk 0:07:52]} Rc5
{[%clk 0:01:03]} 27. Ba3 {[%clk 0:06:10]} Rc8 {[%clk 0:00:48]} 28. Qxb5
{[%clk 0:05:59]} Bh6 {[%clk 0:00:29]} 29. Bb4 {[%clk 0:04:45]} Bxd2
{[%clk 0:00:26]} 30. Bxd2 {[%clk 0:04:52]} Nc4 {[%clk 0:00:33]} 31. Bg5
{[%clk 0:04:27]} h6 {[%clk 0:00:31]} 32. Bxf6 {[%clk 0:03:24]} Qxf6
{[%clk 0:00:39]} 33. Rbc1 {[%clk 0:02:28]} Nd2 {[%clk 0:00:34]} 34. Rxc8
{[%clk 0:02:27]} Rxc8 {[%clk 0:00:43]} 35. Re1 {[%clk 0:02:10]} Rc2
{[%clk 0:00:29]} 36. Qd3 {[%clk 0:01:44]} Rb2 {[%clk 0:00:25]} 37. Re2
{[%clk 0:01:24]} Rb1+ {[%clk 0:00:20]} 38. Kh2 {[%clk 0:01:32]} Nf1+
{[%clk 0:00:23]} 39. Bxf1 {[%clk 0:01:24]} Rxf1 {[%clk 0:00:32]} 40. Qe3
{[%clk 0:01:33]} Qa1 {[%clk 0:00:18]} 41. Qf3 {[%clk 0:01:40]} Kg7
{[%clk 0:00:22]} 42. h4 {[%clk 0:01:28]} h5 {[%clk 0:00:28]} 43. Qg2
{[%clk 0:01:34]} Qd1 {[%clk 0:00:21]} 44. f4 {[%clk 0:01:29]} Qc1
{[%clk 0:00:18]} 45. Rf2 {[%clk 0:01:20]} Re1 {[%clk 0:00:22]} 46. Re2
{[%clk 0:01:28]} Rd1 {[%clk 0:00:17]} 47. Rf2 {[%clk 0:01:28]} Qc4
{[%clk 0:00:17]} 48. Rc2 {[%clk 0:01:17]} Qd4 {[%clk 0:00:23]} 49. Ra2
{[%clk 0:01:19]} Re1 {[%clk 0:00:28]} 50. Re2 {[%clk 0:01:17]} Rd1
{[%clk 0:00:31]} 51. Ra2 {[%clk 0:01:06]} Re1 {[%clk 0:00:35]} 52. Re2
{[%clk 0:01:14]} Rd1 {[%clk 0:00:44]} 1/2-1/2

[Event "Russian Championship (Rapid, Women)"]
[Site "Sochi"]
[Date "2018.10.05"]
[Round "1.4"]
[White "Charochkina, Daria"]
[Black "Sazonova, Anastasia"]
[Result "1-0"]
[BlackElo "2009"]
[WhiteElo "2360"]
[LiveChessVersion "1.4.8"]

1. d4 {[%clk 0:15:18]} d5 {[%clk 0:15:17]} 2. c4 {[%clk 0:15:27]} c6
{[%clk 0:15:26]} 3. Nc3 {[%clk 0:15:36]} Nf6 {[%clk 0:15:32]} 4. Nf3
{[%clk 0:15:45]} dxc4 {[%clk 0:15:23]} 5. a4 {[%clk 0:15:51]} Bf5
{[%clk 0:14:59]} 6. Nh4 {[%clk 0:15:59]} Bg4 {[%clk 0:12:35]} 7. h3
{[%clk 0:16:07]} Bh5 {[%clk 0:12:19]} 8. g4 {[%clk 0:16:15]} Bg6 {[%clk 0:12:27]}
9. Nxg6 {[%clk 0:16:23]} hxg6 {[%clk 0:12:34]} 10. e3 {[%clk 0:16:28]} Nbd7
{[%clk 0:11:33]} 11. Bxc4 {[%clk 0:16:28]} e6 {[%clk 0:11:25]} 12. Qf3
{[%clk 0:15:08]} Bb4 {[%clk 0:10:20]} 13. Kf1 {[%clk 0:13:54]} Qa5
{[%clk 0:09:28]} 14. Bd2 {[%clk 0:13:46]} Rd8 {[%clk 0:07:18]} 15. Kg2
{[%clk 0:12:36]} Nb6 {[%clk 0:05:54]} 16. Bb3 {[%clk 0:12:32]} Nbd5
{[%clk 0:04:45]} 17. e4 {[%clk 0:09:07]} Ne7 {[%clk 0:04:41]} 18. e5
{[%clk 0:05:56]} Nfd5 {[%clk 0:04:42]} 19. Rad1 {[%clk 0:05:33]} Rd7
{[%clk 0:02:35]} 20. h4 {[%clk 0:05:01]} Nb6 {[%clk 0:00:58]} 21. Ne4
{[%clk 0:04:42]} Bxd2 {[%clk 0:00:59]} 22. Rxd2 {[%clk 0:04:33]} Nbc8
{[%clk 0:00:34]} 23. Rd3 {[%clk 0:04:25]} Qb6 {[%clk 0:00:28]} 24. Nc5
{[%clk 0:04:27]} Rd8 {[%clk 0:00:31]} 25. a5 {[%clk 0:04:05]} Qb4
{[%clk 0:00:33]} 26. a6 {[%clk 0:03:52]} b6 {[%clk 0:00:34]} 27. Nb7
{[%clk 0:02:54]} Rxd4 {[%clk 0:00:38]} 28. Rxd4 {[%clk 0:02:58]} Qxd4
{[%clk 0:00:20]} 29. Rd1 {[%clk 0:03:07]} Qxd1 {[%clk 0:00:19]} 30. Qxd1
{[%clk 0:03:10]} Nd5 {[%clk 0:00:23]} 31. Bxd5 {[%clk 0:03:16]} exd5
{[%clk 0:00:27]} 32. Qc2 {[%clk 0:02:57]} Kd7 {[%clk 0:00:31]} 33. e6+
{[%clk 0:03:01]} fxe6 {[%clk 0:00:18]} 34. Qxg6 {[%clk 0:03:08]} Rxh4
{[%clk 0:00:18]} 35. Qxg7+ {[%clk 0:02:59]} Ne7 {[%clk 0:00:25]} 36. Kg3
{[%clk 0:02:44]} Rh1 {[%clk 0:00:32]} 37. Qe5 {[%clk 0:02:50]} Rg1+
{[%clk 0:00:28]} 38. Kf3 {[%clk 0:02:54]} Rb1 {[%clk 0:00:11]} 39. Qd6+
{[%clk 0:02:48]} Ke8 {[%clk 0:00:19]} 40. Qb8+ {[%clk 0:02:56]} Kf7
{[%clk 0:00:27]} 41. Qxa7 {[%clk 0:03:03]} Rxb2 {[%clk 0:00:31]} 42. Nd6+
{[%clk 0:03:09]} Kf6 {[%clk 0:00:29]} 43. g5+ {[%clk 0:03:17]} 1-0

[Event "Russian Championship (Rapid, Women)"]
[Site "Sochi"]
[Date "2018.10.05"]
[Round "1.5"]
[White "Kudina, Irina"]
[Black "Voit, Daria"]
[Result "0-1"]
[BlackElo "2355"]
[WhiteElo "1993"]
[LiveChessVersion "1.4.8"]

1. e4 {[%clk 0:15:18]} c5 {[%clk 0:15:19]} 2. Nf3 {[%clk 0:15:24]} d6
{[%clk 0:15:28]} 3. d4 {[%clk 0:15:32]} cxd4 {[%clk 0:15:36]} 4. Nxd4
{[%clk 0:15:40]} Nf6 {[%clk 0:15:44]} 5. Nc3 {[%clk 0:15:49]} a6 {[%clk 0:15:41]}
6. Bg5 {[%clk 0:15:43]} e6 {[%clk 0:15:43]} 7. Qd2 {[%clk 0:13:13]} Be7
{[%clk 0:15:38]} 8. O-O-O {[%clk 0:12:40]} b5 {[%clk 0:15:27]} 9. Bxf6
{[%clk 0:12:06]} Bxf6 {[%clk 0:15:09]} 10. Kb1 {[%clk 0:06:13]} Bb7
{[%clk 0:14:55]} 11. f3 {[%clk 0:05:36]} O-O {[%clk 0:14:22]} 12. g4
{[%clk 0:04:33]} Nd7 {[%clk 0:13:46]} 13. h4 {[%clk 0:04:26]} Rc8
{[%clk 0:11:43]} 14. g5 {[%clk 0:03:37]} Be7 {[%clk 0:11:50]} 15. Rg1
{[%clk 0:03:30]} Nb6 {[%clk 0:09:43]} 16. h5 {[%clk 0:03:11]} b4 {[%clk 0:07:43]}
17. Nce2 {[%clk 0:02:11]} d5 {[%clk 0:07:36]} 18. g6 {[%clk 0:01:47]} dxe4
{[%clk 0:05:45]} 19. Nf4 {[%clk 0:01:07]} e5 {[%clk 0:04:56]} 20. Qg2
{[%clk 0:01:09]} hxg6 {[%clk 0:03:10]} 21. Nfe6 {[%clk 0:00:48]} fxe6
{[%clk 0:03:04]} 22. Qxg6 {[%clk 0:00:51]} Rf7 {[%clk 0:02:49]} 23. Bh3
{[%clk 0:01:00]} Bd5 {[%clk 0:01:43]} 24. Nxe6 {[%clk 0:00:44]} Qd6
{[%clk 0:01:46]} 25. h6 {[%clk 0:00:42]} Qc6 {[%clk 0:01:37]} 26. Rg5
{[%clk 0:00:16]} Qxc2+ {[%clk 0:01:39]} 0-1

[Event "Russian Championship (Rapid, Women)"]
[Site "Sochi"]
[Date "2018.10.05"]
[Round "1.6"]
[White "Kashlinskaya, Alina"]
[Black "Nasyrova, Ekaterina"]
[Result "1-0"]
[BlackElo "1991"]
[WhiteElo "2353"]
[LiveChessVersion "1.4.8"]

1. d4 {[%clk 0:15:17]} d5 {[%clk 0:15:19]} 2. c4 {[%clk 0:15:25]} e6
{[%clk 0:15:27]} 3. Nc3 {[%clk 0:15:34]} Nf6 {[%clk 0:15:35]} 4. cxd5
{[%clk 0:15:41]} exd5 {[%clk 0:15:43]} 5. Bg5 {[%clk 0:15:46]} c6
{[%clk 0:15:45]} 6. e3 {[%clk 0:15:54]} Be7 {[%clk 0:15:53]} 7. Qc2
{[%clk 0:15:30]} O-O {[%clk 0:15:48]} 8. Bd3 {[%clk 0:15:35]} Nbd7
{[%clk 0:15:51]} 9. Nge2 {[%clk 0:15:38]} h6 {[%clk 0:15:58]} 10. Bh4
{[%clk 0:15:20]} Re8 {[%clk 0:16:04]} 11. O-O {[%clk 0:15:13]} Ne4
{[%clk 0:15:29]} 12. Bxe7 {[%clk 0:14:32]} Qxe7 {[%clk 0:15:37]} 13. Bxe4
{[%clk 0:14:31]} dxe4 {[%clk 0:15:45]} 14. Ng3 {[%clk 0:11:56]} Nf6
{[%clk 0:15:50]} 15. Rae1 {[%clk 0:12:04]} h5 {[%clk 0:14:32]} 16. f3
{[%clk 0:12:04]} exf3 {[%clk 0:12:55]} 17. Rxf3 {[%clk 0:12:08]} Bg4
{[%clk 0:09:59]} 18. Rff1 {[%clk 0:09:03]} Rad8 {[%clk 0:09:27]} 19. Qf2
{[%clk 0:08:40]} Be6 {[%clk 0:07:52]} 20. Qf4 {[%clk 0:07:33]} Nd5
{[%clk 0:03:54]} 21. Nxd5 {[%clk 0:06:31]} Rxd5 {[%clk 0:04:01]} 22. e4
{[%clk 0:06:38]} Rxd4 {[%clk 0:03:33]} 23. Qe5 {[%clk 0:03:00]} Rc4
{[%clk 0:03:02]} 24. Qxh5 {[%clk 0:01:56]} Qc5+ {[%clk 0:03:07]} 25. Qxc5
{[%clk 0:02:04]} Rxc5 {[%clk 0:03:16]} 26. b3 {[%clk 0:02:05]} Ra5
{[%clk 0:03:11]} 27. Rf2 {[%clk 0:02:07]} Rd8 {[%clk 0:03:16]} 28. h4
{[%clk 0:01:54]} Rc5 {[%clk 0:02:52]} 29. Kh2 {[%clk 0:00:44]} Rc3
{[%clk 0:01:56]} 30. h5 {[%clk 0:00:46]} Rcd3 {[%clk 0:01:52]} 31. e5
{[%clk 0:00:28]} Rd2 {[%clk 0:01:47]} 32. Ree2 {[%clk 0:00:37]} Rxe2
{[%clk 0:01:49]} 33. Rxe2 {[%clk 0:00:46]} Bg4 {[%clk 0:01:56]} 34. Re4
{[%clk 0:00:50]} Be6 {[%clk 0:02:05]} 35. Ra4 {[%clk 0:00:51]} a6
{[%clk 0:02:07]} 36. Ne4 {[%clk 0:01:00]} Rd5 {[%clk 0:02:09]} 37. Nd6
{[%clk 0:01:03]} Rxe5 {[%clk 0:02:06]} 38. Nxb7 {[%clk 0:01:10]} Rxh5+
{[%clk 0:02:12]} 39. Kg1 {[%clk 0:01:18]} Rb5 {[%clk 0:01:58]} 40. Nd8
{[%clk 0:00:36]} Rb6 {[%clk 0:01:26]} 41. Nxe6 {[%clk 0:00:44]} fxe6
{[%clk 0:01:36]} 42. Kf2 {[%clk 0:00:52]} Kf7 {[%clk 0:01:45]} 43. Ke3
{[%clk 0:01:02]} c5 {[%clk 0:01:44]} 44. Rc4 {[%clk 0:00:40]} Rb5
{[%clk 0:01:31]} 45. Kd3 {[%clk 0:00:47]} Ke7 {[%clk 0:01:27]} 46. Rg4
{[%clk 0:00:53]} Kf6 {[%clk 0:01:32]} 47. Ra4 {[%clk 0:00:46]} Rb6
{[%clk 0:01:31]} 48. Ra5 {[%clk 0:00:45]} Rc6 {[%clk 0:01:29]} 49. Kc4
{[%clk 0:00:51]} g6 {[%clk 0:00:37]} 50. a4 {[%clk 0:00:53]} g5 {[%clk 0:00:27]}
51. Rxc5 {[%clk 0:00:46]} Rxc5+ {[%clk 0:00:25]} 52. Kxc5 {[%clk 0:00:55]} Ke5
{[%clk 0:00:30]} 53. b4 {[%clk 0:01:01]} Kf4 {[%clk 0:00:22]} 54. b5
{[%clk 0:01:10]} axb5 {[%clk 0:00:31]} 55. axb5 {[%clk 0:01:20]} Kg3
{[%clk 0:00:30]} 56. b6 {[%clk 0:01:27]} Kxg2 {[%clk 0:00:39]} 57. b7
{[%clk 0:01:36]} g4 {[%clk 0:00:45]} 58. b8=Q {[%clk 0:01:44]} g3
{[%clk 0:00:54]} 59. Kd4 {[%clk 0:01:44]} Kf2 {[%clk 0:01:02]} 60. Qf4+
{[%clk 0:01:51]} 1-0

[Event "Russian Championship (Rapid, Women)"]
[Site "Sochi"]
[Date "2018.10.05"]
[Round "1.7"]
[White "Faizutdinova, Diana"]
[Black "Shuvalova, Polina"]
[Result "0-1"]
[BlackElo "2342"]
[WhiteElo "1989"]
[LiveChessVersion "1.4.8"]

1. c4 {[%clk 0:15:18]} e6 {[%clk 0:15:17]} 2. e4 {[%clk 0:15:23]} d5
{[%clk 0:15:23]} 3. exd5 {[%clk 0:15:31]} exd5 {[%clk 0:15:31]} 4. d4
{[%clk 0:15:39]} Nf6 {[%clk 0:15:36]} 5. Bd3 {[%clk 0:15:48]} Be7
{[%clk 0:15:19]} 6. Ne2 {[%clk 0:15:55]} O-O {[%clk 0:14:58]} 7. O-O
{[%clk 0:15:27]} dxc4 {[%clk 0:14:52]} 8. Bxc4 {[%clk 0:15:34]} Nc6
{[%clk 0:14:08]} 9. a3 {[%clk 0:15:22]} Bf5 {[%clk 0:14:14]} 10. Nbc3
{[%clk 0:14:43]} Qd7 {[%clk 0:14:00]} 11. f3 {[%clk 0:09:31]} a6 {[%clk 0:13:25]}
12. Be3 {[%clk 0:09:12]} Rad8 {[%clk 0:13:13]} 13. Bf2 {[%clk 0:08:35]} Rfe8
{[%clk 0:12:47]} 14. b4 {[%clk 0:08:09]} Bf8 {[%clk 0:11:04]} 15. Rc1
{[%clk 0:05:49]} g6 {[%clk 0:09:46]} 16. Qb3 {[%clk 0:02:00]} b5 {[%clk 0:06:31]}
17. Nxb5 {[%clk 0:02:04]} axb5 {[%clk 0:06:01]} 18. Bxb5 {[%clk 0:02:12]} Rxe2
{[%clk 0:05:58]} 19. Rxc6 {[%clk 0:01:07]} Re6 {[%clk 0:05:16]} 20. Rxe6
{[%clk 0:00:24]} Bxe6 {[%clk 0:05:04]} 21. Qd3 {[%clk 0:00:24]} c6
{[%clk 0:04:58]} 22. Ba4 {[%clk 0:00:27]} Ra8 {[%clk 0:04:54]} 23. Qc2
{[%clk 0:00:28]} Bd5 {[%clk 0:05:00]} 24. Rc1 {[%clk 0:00:36]} Ra6
{[%clk 0:04:40]} 25. Bg3 {[%clk 0:00:19]} Qa7 {[%clk 0:04:34]} 26. Be5
{[%clk 0:00:28]} Nd7 {[%clk 0:04:28]} 27. b5 {[%clk 0:00:26]} Rxa4
{[%clk 0:04:18]} 28. bxc6 {[%clk 0:00:20]} Nxe5 {[%clk 0:04:16]} 29. c7
{[%clk 0:00:29]} Qxd4+ {[%clk 0:04:21]} 30. Kh1 {[%clk 0:00:37]} Be6 0-1

[Event "Russian Championship (Rapid, Women)"]
[Site "Sochi"]
[Date "2018.10.05"]
[Round "1.8"]
[White "Ambartsumova, Karina"]
[Black "Bulatova, Kamaliya"]
[Result "1-0"]
[BlackElo "1987"]
[WhiteElo "2327"]
[LiveChessVersion "1.4.8"]

1. c4 {[%clk 0:15:15]} Nf6 {[%clk 0:15:18]} 2. Nc3 {[%clk 0:15:21]} e6
{[%clk 0:15:27]} 3. e4 {[%clk 0:15:28]} d5 {[%clk 0:15:07]} 4. e5
{[%clk 0:15:36]} d4 {[%clk 0:14:33]} 5. exf6 {[%clk 0:15:41]} dxc3
{[%clk 0:14:42]} 6. bxc3 {[%clk 0:15:43]} Qxf6 {[%clk 0:14:50]} 7. Nf3
{[%clk 0:15:14]} Be7 {[%clk 0:14:09]} 8. d4 {[%clk 0:14:49]} h6 {[%clk 0:14:00]}
9. Bd3 {[%clk 0:14:21]} O-O {[%clk 0:13:26]} 10. O-O {[%clk 0:13:37]} c5
{[%clk 0:12:43]} 11. Qe2 {[%clk 0:12:31]} Rd8 {[%clk 0:12:04]} 12. Re1
{[%clk 0:09:43]} Nd7 {[%clk 0:10:26]} 13. Qe4 {[%clk 0:09:34]} Nf8
{[%clk 0:10:35]} 14. Bf4 {[%clk 0:09:31]} Bd6 {[%clk 0:10:08]} 15. Be5
{[%clk 0:05:03]} Bxe5 {[%clk 0:10:01]} 16. Nxe5 {[%clk 0:05:09]} Qe7
{[%clk 0:09:13]} 17. Rad1 {[%clk 0:04:55]} Rb8 {[%clk 0:08:39]} 18. Re3
{[%clk 0:04:15]} f5 {[%clk 0:07:41]} 19. Qf4 {[%clk 0:03:47]} g5 {[%clk 0:07:10]}
20. Rg3 {[%clk 0:02:51]} Qg7 {[%clk 0:06:51]} 21. Qc1 {[%clk 0:01:13]} cxd4
{[%clk 0:06:53]} 22. cxd4 {[%clk 0:01:14]} f4 {[%clk 0:06:17]} 23. Rh3
{[%clk 0:01:07]} Nd7 {[%clk 0:04:07]} 24. Ng4 {[%clk 0:00:54]} Nf6
{[%clk 0:04:15]} 25. Nxh6+ {[%clk 0:00:50]} Kf8 {[%clk 0:04:24]} 26. Qc3
{[%clk 0:00:44]} e5 {[%clk 0:03:40]} 27. Nf5 {[%clk 0:00:49]} Bxf5
{[%clk 0:03:40]} 28. Bxf5 {[%clk 0:00:58]} Qe7 {[%clk 0:03:04]} 29. d5
{[%clk 0:00:57]} b6 {[%clk 0:02:57]} 30. Re1 {[%clk 0:01:02]} Re8
{[%clk 0:02:54]} 31. Be6 {[%clk 0:01:08]} g4 {[%clk 0:02:09]} 32. Rh8+
{[%clk 0:01:15]} Kg7 {[%clk 0:02:18]} 33. Rxe8 Rxe8 {[%clk 0:02:27]} 34. Qxe5
{[%clk 0:01:31]} Qb4 {[%clk 0:02:29]} 35. Qg5+ {[%clk 0:01:31]} 1-0